000 00499nam a2200193 a 4500
001 1768117515919
003 YourLibrary
005 20260112125814.0
008 260111s1996##################000#0#eng##
020 _a9780415147163
082 0 4 _a302.201
_bCOB
100 1 _aCobley, Paul,
_eauthor.
245 1 0 _aThe Communication Theory Reader :
260 _bPsychology Press,
_c1996.
300 _a534 pages
650 0 _aHistory.
942 _cENGLISH
040 _aYourLibrary
_beng
_cYourLibrary
999 _c608284
_d608284